FORMAS POLITICAS EN IBEROAMERICA : 1945-1975 /

Wedi'i Gadw mewn:
Manylion Llyfryddiaeth
Prif Awdur: Hernández Sánchez-Barba, Mario (autor)
Fformat: Llyfr
Cyfres:BIBLIOTECA CULTURAL ; 10
Pynciau:
Tagiau: Ychwanegu Tag
Dim Tagiau, Byddwch y cyntaf i dagio'r cofnod hwn!

MARC

LEADER 00000nam^a2200000^a^4500
001 000232704
005 20250521000000.0
009 20260310104612.406
020 |a 84-320-2616-6 
035 |a 056099 
037 |a Acervo Xavier Clavigero 
082 |a 320. 98  |b HER 
100 |a Hernández Sánchez-Barba, Mario  |e (autor) 
245 1 0 |a FORMAS POLITICAS EN IBEROAMERICA :  |b 1945-1975 /  |c MARIO HERNANDEZ SANCHEZ-BARBA 
264 |a BARCELONA :  |b PLANETA,  |c 1975 
300 |a 155 p. :  |b retrs. 
336 |a texto  |b txt  |2 rdacontenido 
337 |a sin mediación  |b n  |2 rdamedio 
338 |a volumen  |b nc  |2 rdasoporte 
440 |a BIBLIOTECA CULTURAL ;  |v 10 
649 |a XX 
650 |a Política -  |z Iberoamérica 
910 |a Fondo General 
920 |a Impresos - Libros 
930 |a Colección General 
905 |a 101 
901 |a 056099  |b IT1  |c ACC  |i 056099  |u 20250521 
902 |a https://opac.biblio.iteso.mx/vufind/Record/000232704